ARRUPE JESUIT UNIVERSITY

CORONAVIRUS -STOP THE SPREAD - CLEAN,DISINFECT,COVER

The Commonwealth Observer Group in Zimbabwe : (Record no. 125423)

MARC details
000 -LEADER
fixed length control field 00852cam a2200265 a 4500
001 - CONTROL NUMBER
control field 987342
003 - CONTROL NUMBER IDENTIFIER
control field ARRUPE
005 - DATE AND TIME OF LATEST TRANSACTION
control field 20161005114728.0
008 - FIXED-LENGTH DATA ELEMENTS--GENERAL INFORMATION
fixed length control field 860515s1985 rh b 000 0 eng
010 ## - LIBRARY OF CONGRESS CONTROL NUMBER
LC control number 85981635
020 ## - INTERNATIONAL STANDARD BOOK NUMBER
International Standard Book Number 0869223569
040 ## - CATALOGING SOURCE
Original cataloging agency DLC
Transcribing agency DLC
Modifying agency DLC
043 ## - GEOGRAPHIC AREA CODE
Geographic area code f-rh---
050 00 - LIBRARY OF CONGRESS CALL NUMBER
Classification number JQ2929.A5C48 1985
082 00 - DEWEY DECIMAL CLASSIFICATION NUMBER
Classification number 324.96891/04
Edition number 19
300 ## - PHYSICAL DESCRIPTION
Dimensions 22 cm.
100 1# - MAIN ENTRY--PERSONAL NAME
Personal name Chan, Stephen,
Dates associated with a name 1949-
9 (RLIN) 26484
245 14 - TITLE STATEMENT
Title The Commonwealth Observer Group in Zimbabwe :
Remainder of title a personal memoir /
Statement of responsibility, etc by Stephen Chan.
260 ## - PUBLICATION, DISTRIBUTION, ETC. (IMPRINT)
Place of publication, distribution, etc Gweru, Zimbabwe :
Name of publisher, distributor, etc Mambo Press,
Date of publication, distribution, etc 1985.
300 ## - PHYSICAL DESCRIPTION
Extent 93 p. ;
440 #0 - SERIES STATEMENT/ADDED ENTRY--TITLE
Title Mambo occasional papers.
Name of part/section of a work Socio-economic series ;
Volume number/sequential designation no. 18
9 (RLIN) 26485
610 20 - SUBJECT ADDED ENTRY--CORPORATE NAME
Corporate name or jurisdiction name as entry element Commonwealth Observer Group.
9 (RLIN) 26069
650 #0 - SUBJECT ADDED ENTRY--TOPICAL TERM
Topical term or geographic name as entry element Elections
Geographic subdivision Zimbabwe.
9 (RLIN) 26070
906 ## - LOCAL DATA ELEMENT F, LDF (RLIN)
a 7
b cbc
c orignew
d 2
e ncip
f 19
g y-gencatlg
942 ## - ADDED ENTRY ELEMENTS (KOHA)
Source of classification or shelving scheme Library of Congress Classification
Koha item type Monograph ( Printed materials)
Holdings
Withdrawn status Lost status Source of classification or shelving scheme Damaged status Not for loan Collection code Home library Current library Shelving location Date acquired Total Checkouts Full call number Barcode Date last seen Price effective from Koha item type
    Library of Congress Classification     Main Collection ARRUPE LIBRARY ARRUPE LIBRARY Main Collection 05/10/2016   JQ2929.A5C48 1985 46500005955 02/07/2018 05/10/2016 Monograph ( Printed materials)

 

Arrupe Library. PO Box MP320 Mt Pleasant, Harare, Zimbabwe
263 242 745411|librarian@aju.ac.zw